000 00718nam a2200289Ia 4500
005 20260324133804.0
008 008 260324s9999 xx 000 0 eng d
020 _a9781315125336
037 _aEBOOK
040 _aCRL
040 _beng
040 _cCRL
041 _2eng
041 _aeng
084 _qCRL
100 _aUlla Bondeson
_91194399
245 0 _aNordic Moral Climates
245 0 _bValue Continuities and Discontinuities in Denmark, Finland, Norway, and Sweden
260 _bTaylor and Francis
260 _c2003
365 _a
365 _b170
856 _uhttp://www.taylorfrancis.com/books/9781315125336
942 _cEBOOK
999 _c1793810
_d1793810